|
|
|
|
| LEADER |
00750nam a22001932a 4500 |
| 001 |
000042714 |
| 003 |
CZ BrMZK |
| 005 |
20040830101350.0 |
| 008 |
010907s1984 xr f cze d |
| 040 |
|
|
|a BOA001
|b cze
|
| 100 |
1 |
|
|a Adamec, Libor
|7 jx20040720056
|
| 245 |
1 |
0 |
|a Metodické poznámky pro sekretářskou praxi :
|b pro vnitřní potřebu učitelů SŠ Sevemoravského, Jihomoravského a Západoslovenského kraje /
|c Libor Adamec
|
| 250 |
|
|
|a 1. vyd.
|
| 260 |
|
|
|a Olomouc :
|b Krajský pedagogický ústav,
|c 1984
|
| 300 |
|
|
|a 79 s.
|
| 910 |
|
|
|a BOA001
|b PK-0098.457
|
| 964 |
|
|
|a Sekretářství - metodika - školy ekonomické střední
|
| 990 |
|
|
|a BK
|
| 996 |
7 |
|
|b 3119986999
|c PK-0098.457
|l MZK
|r Sklad / do 1 hodiny
|n 1
|w 000042714
|u 000010
|a 1
|e BOA001
|j MZK50
|s A
|